| 000 | 00505nam a2200193Ia 4500 | ||
|---|---|---|---|
| 005 | 20250423094427.0 | ||
| 008 | 250422s9999 xx 000 0 und d | ||
| 020 | _a9780137011322 | ||
| 050 | _aTA 710 .H564/ | ||
| 100 | _aHoltz, Robert D. | ||
| 245 | 3 | _aAn introduction to geotechnical engineering | |
| 250 | _a2nd ed. | ||
| 260 | _aUpper Saddle River | ||
| 260 | _bMcGraw Hill | ||
| 260 | _c2011 | ||
| 300 | _a863 p | ||
| 650 | _aSoil mechanics_Textbooks Rock mechanics_Textbooks | ||
| 942 | _cBK | ||
| 999 |
_c27206 _d27206 |
||